Normal view
MARC view
- John D. Cutnell
Entry Personal Name
001 - CONTROL NUMBER
- control field: 124908
003 - CONTROL NUMBER IDENTIFIER
- control field: NUST
005 - DATE AND TIME OF LATEST TRANSACTION
- control field: 20240731092831.0
008 - FIXED-LENGTH DATA ELEMENTS
- fixed length control field: 240731|| aca||aabn | a|a d
040 ## - CATALOGING SOURCE
- Original cataloging agency: NUST
- Transcribing agency: NUST
100 ## - HEADING--PERSONAL NAME
- Personal name: John D. Cutnell
670 ## - SOURCE DATA FOUND
- Source citation: Work cat.: (NUST): John D. Cutnell, Physics, 2002.
